[Event "HUN-chT2 Barcza 1011"]
[Site "Hungary"]
[Date "2010.10.10"]
[Round "3.5"]
[White "Kubinka, Andras"]
[Black "Hegedus, Gyorgy"]
[Result "0-1"]
[WhiteElo "1923"]
[BlackElo "2137"]
[PlyCount "118"]
[EventDate "2010.09.12"]
[EventType "team-tourn"]
[EventRounds "11"]
[EventCountry "HUN"]
[SourceTitle "EXT 2012"]
[Source "ChessBase"]
[SourceDate "2011.11.24"]
[SourceVersion "1"]
[SourceVersionDate "2011.11.24"]
[SourceQuality "1"]
[WhiteTeam "Sajoszentpeter"]
[BlackTeam "Debrecen Betu"]
[WhiteTeamCountry "HUN"]
[BlackTeamCountry "HUN"]

1. Nf3 d5 2. d4 Bg4 3. Ne5 Bf5 4. c3 c6 5. Qb3 Qc8 6. Bf4 Nf6 7. Nd2 e6 8. e3 Nbd7 9. Be2 Nxe5 10. Bxe5 Be7 11. Rc1 0-0 12. 0-0 Re8 13. c4 h6 14. Bf3 Qd7 15. c5 Qc8 16. Rfe1 Nd7 17. Bg3 Bf6 18. Qb4 Bg6 19. Nb3 e5 20. Na5 Rb8 21. Bg4 h5 22. Bh3 h4 23. Bxe5 Bxe5 24. dxe5 Rxe5 25. Qf4 Re7 26. Qxh4 Qd8 27. Nb3 Ne5 28. Red1 Qe8 29. Nd4 Nd3 30. Rc2 Re4 31. Qg3 Nf4 32. Bf5 Rxd4 33. Rxd4 Bxf5 34. Rxf4 Bxc2 35. Rh4 Qc8 36. Qf4 Ra8 37. Rh3 f6 38. Qh4 Kf7 39. Qh5+ Bg6 40. Qf3 Qf5 41. Qd1 Qb1 42. Qxb1 Bxb1 43. a3 b6 44. cxb6 axb6 45. Rh4 c5 46. Kf1 b5 47. Ke2 Ra4 48. Rh5 Ke6 49. Kd2 Bg6 50. Rh8 b4 51. Rc8 c4 52. axb4 Rxb4 53. Kc1 Rb7 54. f3 Bd3 55. Ra8 g5 56. Ra6+ Kf7 57. Rd6 Rb5 58. Ra6 Kg6 59. g3 c3 0-1

[Event "HUN-chT2 Barcza 0910"]
[Site "Hungary"]
[Date "2010.02.14"]
[Round "6.7"]
[White "Kubinka, Andras"]
[Black "Kovacs, Istvan"]
[Result "1/2-1/2"]
[WhiteElo "1923"]
[BlackElo "2033"]
[PlyCount "55"]
[EventDate "2009.11.08"]
[EventType "team-tourn"]
[EventRounds "11"]
[EventCountry "HUN"]
[SourceTitle "EXT 2011"]
[Source "ChessBase"]
[SourceDate "2010.11.26"]
[SourceVersion "1"]
[SourceVersionDate "2010.11.26"]
[SourceQuality "1"]
[WhiteTeam "SSASSE"]
[BlackTeam "HSSE"]
[WhiteTeamCountry "HUN"]
[BlackTeamCountry "HUN"]

1. d4 Nf6 2. c4 e6 3. Nc3 d5 4. Nf3 Be7 5. e3 0-0 6. Be2 a6 7. c5 a5 8. Bd2 Nc6 9. 0-0 Ne4 10. Rc1 Nxd2 11. Qxd2 f5 12. Ne1 Nb8 13. f4 Nd7 14. Nf3 Kh8 15. Nb5 Nf6 16. Ne5 Ne4 17. Qd1 c6 18. Nc3 Bd7 19. Nxe4 fxe4 20. Bh5 Be8 21. Bg4 Rf6 22. Rc2 Bf8 23. f5 exf5 24. Bxf5 g6 25. Bg4 Bg7 26. Rxf6 Bxf6 27. Qf1 Qe7 28. Qf4 1/2-1/2

[Event "HUN-chT2 Barcza 0809"]
[Site "Hungary"]
[Date "2009.04.05"]
[Round "10.8"]
[White "Kubinka, Andras"]
[Black "Botragyi, Tibor"]
[Result "1/2-1/2"]
[WhiteElo "1942"]
[BlackElo "2151"]
[PlyCount "93"]
[EventDate "2008.10.26"]
[EventType "tourn"]
[EventRounds "11"]
[EventCountry "HUN"]
[SourceTitle "EXT 2010"]
[Source "ChessBase"]
[SourceDate "2010.11.25"]
[SourceVersion "1"]
[SourceVersionDate "2010.11.25"]
[SourceQuality "1"]
[WhiteTeam "SSASSE"]
[BlackTeam "Nyiregyhaza"]
[WhiteTeamCountry "HUN"]
[BlackTeamCountry "HUN"]

1. Nf3 Nf6 2. d4 g6 3. Bg5 Ne4 4. Bh4 Bg7 5. e3 d5 6. Bd3 c5 7. c3 Qb6 8. Qb3 Qxb3 9. axb3 cxd4 10. Nxd4 Nd6 11. Na3 Bd7 12. Nab5 Nxb5 13. Nxb5 Bxb5 14. Bxb5+ Nc6 15. Ke2 a6 16. Bxc6+ bxc6 17. Ra5 Kd7 18. Rha1 Rhb8 19. b4 Rb6 20. f3 e5 21. Kd3 Kc7 22. Bf2 Kb7 23. Bg3 Rb5 24. Be1 f5 25. Bh4 e4+ 26. Kc2 Rxa5 27. Rxa5 Be5 28. f4 Bc7 29. Ra4 a5 30. bxa5 Rxa5 31. Rxa5 Bxa5 32. Bf6 Bb6 33. Bd4 c5 34. Bf6 Kc6 35. h3 Kb5 36. b3 c4 37. Bd4 Bxd4 38. bxc4+ Kxc4 39. cxd4 h6 40. h4 Kb4 41. Kb2 Ka4 42. Kc2 Ka3 43. Kc3 Ka4 44. Kc2 h5 45. g3 Kb4 46. Kb2 Kc4 47. Kc2 1/2-1/2

[Event "Bader Memorial op"]
[Site "Heves"]
[Date "2009.03.27"]
[Round "3"]
[White "Varga, Mihaly"]
[Black "Kubinka, Andras"]
[Result "0-1"]
[WhiteElo "1774"]
[BlackElo "1951"]
[PlyCount "70"]
[EventDate "2009.03.26"]
[EventType "swiss"]
[EventRounds "7"]
[EventCountry "HUN"]
[SourceTitle "EXT 2011"]
[Source "ChessBase"]
[SourceDate "2010.11.26"]
[SourceVersion "1"]
[SourceVersionDate "2010.11.26"]
[SourceQuality "1"]

1. d4 Nf6 2. c4 c5 3. d5 b5 4. e3 g6 5. cxb5 a6 6. Nc3 d6 7. Bd2 Bg7 8. Bd3 0-0 9. Nge2 axb5 10. Bxb5 Na6 11. 0-0 Qb6 12. a4 Nb4 13. e4 Bd7 14. Bc4 Ng4 15. f4 Nd3 16. h3 Nxb2 17. Qb3 Nxc4 18. Qxc4 Nf6 19. Rfb1 Qa7 20. Nb5 Bxb5 21. Rxb5 Nxe4 22. Bc3 Nxc3 23. Nxc3 Rfb8 24. Rxb8+ Rxb8 25. Re1 Rb4 26. Nb5 Qxa4 27. Qe2 Qxb5 28. Qxe7 Rb1 29. Rxb1 Qxb1+ 30. Kh2 Bf8 31. Qf6 Qf5 32. Qxf5 gxf5 33. Kg3 h5 34. Kf3 Bh6 35. h4 Bg7 0-1

[Event "Bader Memorial op"]
[Site "Heves"]
[Date "2009.03.26"]
[Round "1"]
[White "Chereches, Marius"]
[Black "Kubinka, Andras"]
[Result "1-0"]
[WhiteElo "2353"]
[BlackElo "1951"]
[PlyCount "64"]
[EventDate "2009.03.26"]
[EventType "swiss"]
[EventRounds "7"]
[EventCountry "HUN"]
[SourceTitle "EXT 2011"]
[Source "ChessBase"]
[SourceDate "2010.11.26"]
[SourceVersion "1"]
[SourceVersionDate "2010.11.26"]
[SourceQuality "1"]

1. e4 c5 2. Nf3 d6 3. d4 cxd4 4. Nxd4 Nf6 5. f3 a6 6. c4 g6 7. Nc3 Bg7 8. Be3 Nc6 9. Qd2 Bd7 10. Be2 Qc7 11. 0-0 0-0 12. Rac1 Nxd4 13. Bxd4 Rac8 14. Bxf6 Qc5+ 15. Kh1 Bxf6 16. Nd5 Be6 17. b4 Qc6 18. Nxf6+ exf6 19. Rfd1 Qa4 20. Qb2 Bxc4 21. Bxc4 Rxc4 22. Rb1 Rc2 23. Qxf6 Qxa2 24. Qg5 Rfc8 25. h4 Qe6 26. Rd5 f6 27. Qf4 R8c6 28. Rbd1 Rb2 29. R1d4 Rb1+ 30. Kh2 Kf7 31. h5 Kg7 32. Rxd6 Rxd6 1-0

[Event "Eger Tel op"]
[Site "Eger"]
[Date "2009.02.01"]
[Round "6"]
[White "Benedek, Istvan"]
[Black "Kubinka, Andras"]
[Result "1/2-1/2"]
[WhiteElo "1855"]
[BlackElo "1951"]
[PlyCount "37"]
[EventDate "2009.01.29"]
[EventType "swiss"]
[EventRounds "7"]
[EventCountry "HUN"]
[SourceTitle "EXT 2011"]
[Source "ChessBase"]
[SourceDate "2010.11.26"]
[SourceVersion "1"]
[SourceVersionDate "2010.11.26"]
[SourceQuality "1"]

1. d4 Nf6 2. e3 c5 3. Nf3 e6 4. c4 cxd4 5. exd4 d5 6. cxd5 Nxd5 7. Bb5+ Bd7 8. Bxd7+ Nxd7 9. 0-0 Bd6 10. Bg5 Qb6 11. Nbd2 Rc8 12. Rc1 Rxc1 13. Qxc1 Qc7 14. Ne4 0-0 15. Nxd6 Qxd6 16. Re1 N7b6 17. Qd2 Rc8 18. Rc1 Rxc1+ 19. Qxc1 1/2-1/2

[Event "Eger Tel op"]
[Site "Eger"]
[Date "2009.02.01"]
[Round "7"]
[White "Kubinka, Andras"]
[Black "Varga, Mihaly"]
[Result "1-0"]
[WhiteElo "1951"]
[BlackElo "1774"]
[PlyCount "115"]
[EventDate "2009.01.29"]
[EventType "swiss"]
[EventRounds "7"]
[EventCountry "HUN"]
[SourceTitle "EXT 2011"]
[Source "ChessBase"]
[SourceDate "2010.11.26"]
[SourceVersion "1"]
[SourceVersionDate "2010.11.26"]
[SourceQuality "1"]

1. d4 Nf6 2. c4 e6 3. Nc3 d5 4. Nf3 Be7 5. Bf4 c6 6. e3 Qa5 7. Nd2 Bb4 8. Qb3 0-0 9. Rc1 dxc4 10. Nxc4 Bxc3+ 11. Rxc3 Qd5 12. Nd6 b5 13. f3 Qxb3 14. Rxb3 Nd5 15. Bg3 a5 16. a3 a4 17. Rd3 Ba6 18. e4 Ne7 19. Rc3 f5 20. Bd3 f4 21. Bf2 Rd8 22. e5 Nd5 23. Rc5 b4 24. Kd2 Bxd3 25. Kxd3 Ra6 26. Nc4 Nd7 27. Ra5 Rda8 28. Rxa6 Rxa6 29. Be1 b3 30. Bd2 Ra8 31. Rc1 c5 32. Nd6 cxd4 33. Kxd4 g5 34. g3 h6 35. gxf4 gxf4 36. Ke4 Rf8 37. Rc4 Kh8 38. Rc8 Rxc8 39. Nxc8 Kg7 40. Nd6 Kg6 41. Nb5 Kg5 42. Be1 Nc5+ 43. Kd4 Nd7 44. h4+ Kg6 45. Nd6 Ne3 46. Bd2 Kh5 47. Bxe3 fxe3 48. Kxe3 Nxe5 49. f4 Ng6 50. f5 exf5 51. Nxf5 Nxh4 52. Nd4 Kg5 53. Ne6+ Kg4 54. Nc5 Nf5+ 55. Kf2 h5 56. Nxa4 h4 57. Nc3 h3 58. Nd5 1-0

[Event "Eger Tel op"]
[Site "Eger"]
[Date "2009.01.31"]
[Round "5"]
[White "Kubinka, Andras"]
[Black "Medvegyne Balogh, Emese"]
[Result "0-1"]
[WhiteElo "1951"]
[BlackElo "2031"]
[PlyCount "70"]
[EventDate "2009.01.29"]
[EventType "swiss"]
[EventRounds "7"]
[EventCountry "HUN"]
[SourceTitle "EXT 2011"]
[Source "ChessBase"]
[SourceDate "2010.11.26"]
[SourceVersion "1"]
[SourceVersionDate "2010.11.26"]
[SourceQuality "1"]

1. d4 d5 2. c4 e5 3. dxe5 d4 4. Nf3 Nc6 5. a3 Bg4 6. Nbd2 Nge7 7. h3 Bh5 8. g4 Bg6 9. Nb3 Be4 10. Bg2 Ng6 11. Nbd2 Bxf3 12. Nxf3 Qd7 13. b4 0-0-0 14. Bg5 Be7 15. Bxe7 Qxe7 16. Qc2 d3 17. exd3 Ncxe5 18. Nxe5 Qxe5+ 19. Kd2 Qf4+ 20. Kc3 Qd4+ 21. Kb3 Nf4 22. Be4 g6 23. Rad1 Rhe8 24. f3 Ne6 25. Rhf1 Qe5 26. Qf2 Nd4+ 27. Ka2 f5 28. f4 Qf6 29. g5 Qa6 30. Bf3 Qa4 31. Qb2 Re3 32. Bd5 Re2 33. Rd2 Rxd2 34. Qxd2 Qb3+ 35. Ka1 Nc2+ 0-1

[Event "Eger Tel op"]
[Site "Eger"]
[Date "2009.01.30"]
[Round "2"]
[White "Hevesi, Zoltan"]
[Black "Kubinka, Andras"]
[Result "1-0"]
[WhiteElo "2120"]
[BlackElo "1951"]
[PlyCount "93"]
[EventDate "2009.01.29"]
[EventType "swiss"]
[EventRounds "7"]
[EventCountry "HUN"]
[SourceTitle "EXT 2011"]
[Source "ChessBase"]
[SourceDate "2010.11.26"]
[SourceVersion "1"]
[SourceVersionDate "2010.11.26"]
[SourceQuality "1"]

1. d4 Nf6 2. Nf3 d5 3. c4 c6 4. Qc2 e6 5. g3 dxc4 6. Qxc4 Nbd7 7. Bg2 Be7 8. 0-0 Qb6 9. Nc3 Qb4 10. Qd3 0-0 11. e4 h6 12. a3 Qa5 13. Bd2 Qd8 14. Bf4 b6 15. Rfd1 Bb7 16. Rac1 Nh5 17. Be3 Nhf6 18. h3 Rc8 19. Qc2 Nh7 20. Nd2 Qe8 21. e5 Rb8 22. f4 f5 23. Qa4 b5 24. Qb3 Qg6 25. Kh2 Rfd8 26. d5 exd5 27. Bxa7 Ra8 28. Be3 Kh8 29. Ne2 Nhf8 30. Nd4 Rdc8 31. Qc2 Ne6 32. Qxf5 Qxf5 33. Nxf5 Bf8 34. Nh4 Kh7 35. f5 Ng5 36. e6 Ne5 37. Ndf3 Nexf3+ 38. Nxf3 Ne4 39. Nd4 Bd6 40. Bxe4 dxe4 41. Nxb5 Bxg3+ 42. Kxg3 cxb5 43. Rxc8 Rxc8 44. Rd7 Bc6 45. Ra7 Rd8 46. f6 Kg6 47. f7 1-0

[Event "HUN-chT2 Barcza 0809"]
[Site "Hungary"]
[Date "2008.12.21"]
[Round "4.8"]
[White "Kubinka, Andras"]
[Black "Tozser, Denes"]
[Result "1-0"]
[WhiteElo "1942"]
[BlackElo "1993"]
[PlyCount "51"]
[EventDate "2008.10.26"]
[EventType "tourn"]
[EventRounds "11"]
[EventCountry "HUN"]
[SourceTitle "EXT 2010"]
[Source "ChessBase"]
[SourceDate "2010.11.25"]
[SourceVersion "1"]
[SourceVersionDate "2010.11.25"]
[SourceQuality "1"]
[WhiteTeam "SSASSE"]
[BlackTeam "TEVA SE"]
[WhiteTeamCountry "HUN"]
[BlackTeamCountry "HUN"]

1. d4 Nf6 2. c4 g6 3. Nc3 d5 4. Bg5 Ne4 5. Bh4 Nxc3 6. bxc3 Bg7 7. e3 c6 8. Qb3 dxc4 9. Bxc4 0-0 10. Nf3 Qc7 11. Ng5 e6 12. 0-0 b5 13. Be2 h6 14. Ne4 Bb7 15. Bg3 Qd7 16. Nc5 Qc8 17. c4 a6 18. a4 Nd7 19. Nxb7 Qxb7 20. axb5 Rac8 21. Qa4 axb5 22. cxb5 cxb5 23. Qxb5 Qxb5 24. Bxb5 Nc5 25. Bd6 Rfd8 26. Bxc5 1-0

[Event "HUN-chT2 Barcza 0809"]
[Site "Hungary"]
[Date "2008.11.02"]
[Round "2.8"]
[White "Zelei, Zoltan"]
[Black "Kubinka, Andras"]
[Result "1-0"]
[WhiteElo "1978"]
[BlackElo "1942"]
[PlyCount "97"]
[EventDate "2008.10.26"]
[EventType "tourn"]
[EventRounds "11"]
[EventCountry "HUN"]
[SourceTitle "EXT 2010"]
[Source "ChessBase"]
[SourceDate "2010.11.25"]
[SourceVersion "1"]
[SourceVersionDate "2010.11.25"]
[SourceQuality "1"]
[WhiteTeam "Mezokovesd"]
[BlackTeam "SSASSE"]
[WhiteTeamCountry "HUN"]
[BlackTeamCountry "HUN"]

1. d4 Nf6 2. c4 d5 3. cxd5 Nxd5 4. e4 Nb6 5. Nf3 Bg4 6. Be2 e6 7. 0-0 Be7 8. Be3 N8d7 9. Nc3 0-0 10. Qb3 c6 11. a4 Qc7 12. Rac1 Rac8 13. d5 exd5 14. exd5 Qb8 15. h3 Bh5 16. dxc6 bxc6 17. a5 Na8 18. Qa2 Bc5 19. Nd4 Bxe2 20. Ncxe2 Qe5 21. Nf3 Qe7 22. Ned4 Qe4 23. Ng5 Qd5 24. Qb1 g6 25. Rfd1 Qe5 26. Ndf3 Qe7 27. Rxd7 Qxd7 28. Bxc5 Rfe8 29. Nd4 Qd5 30. Ngf3 Qe4 31. Qxe4 Rxe4 32. Bxa7 Re7 33. Rxc6 Rxc6 34. Nxc6 Rb7 35. Bd4 Rc7 36. Nce5 Re7 37. b4 Nc7 38. Bc5 Re6 39. Nc4 Re4 40. Nd6 Re6 41. Nd4 Re1+ 42. Kh2 Ra1 43. Bb6 Nd5 44. b5 Rd1 45. Bc5 Nc7 46. a6 Rc1 47. Bb6 Nd5 48. Ba5 Ra1 49. Nb3 1-0

[Event "HUN-chT2 Maroczy 0708"]
[Site "Hungary"]
[Date "2008.04.27"]
[Round "10"]
[White "Kubinka, Andras"]
[Black "Herczku, Daniel"]
[Result "0-1"]
[WhiteElo "2015"]
[BlackElo "2080"]
[PlyCount "68"]
[EventDate "2007.10.14"]
[EventType "team-tourn"]
[EventRounds "11"]
[EventCountry "HUN"]
[SourceTitle "EXT 2009"]
[Source "ChessBase"]
[SourceDate "2008.11.26"]
[SourceVersion "1"]
[SourceVersionDate "2008.11.26"]
[SourceQuality "1"]
[WhiteTeam "Miskolc EMSE"]
[BlackTeam "Koszolg"]
[WhiteTeamCountry "HUN"]
[BlackTeamCountry "HUN"]

1. e4 c5 2. Nf3 Nc6 3. d4 cxd4 4. Nxd4 Nf6 5. Nc3 d6 6. Bc4 Qb6 7. Nb3 a6 8. Be3 Qc7 9. a4 b6 10. f3 e6 11. Qd2 Be7 12. Qf2 Rb8 13. Rd1 0-0 14. 0-0 Ne5 15. Be2 Rd8 16. h3 d5 17. f4 Nc4 18. Bxc4 dxc4 19. Rxd8+ Qxd8 20. Nd4 Bb7 21. e5 Nd5 22. Nxd5 Qxd5 23. f5 Bh4 24. Qe2 Qxe5 25. fxe6 fxe6 26. Nf3 Bxf3 27. Qxf3 Bf6 28. c3 Qd5 29. Qg3 Be5 30. Qf2 Qb7 31. Bxb6 Qxb6 32. Qxb6 Rxb6 33. Re1 Bf6 34. Re4 Rc6 0-1

[Event "HUN-chT2 Maroczy 0708"]
[Site "Hungary"]
[Date "2007.12.09"]
[Round "4"]
[White "Kolus, Lajos"]
[Black "Kubinka, Andras"]
[Result "1-0"]
[WhiteElo "2219"]
[BlackElo "2015"]
[PlyCount "71"]
[EventDate "2007.10.14"]
[EventType "team-tourn"]
[EventRounds "11"]
[EventCountry "HUN"]
[SourceTitle "EXT 2009"]
[Source "ChessBase"]
[SourceDate "2008.11.26"]
[SourceVersion "1"]
[SourceVersionDate "2008.11.26"]
[SourceQuality "1"]
[WhiteTeam "Penzugyor"]
[BlackTeam "Miskolc EMSE"]
[WhiteTeamCountry "HUN"]
[BlackTeamCountry "HUN"]

1. Nf3 Nf6 2. g3 b6 3. Bg2 Bb7 4. d4 g6 5. 0-0 Bg7 6. c4 e6 7. Nc3 0-0 8. Re1 d5 9. Ne5 Qc8 10. cxd5 Nxd5 11. Nxd5 Bxd5 12. e4 Bb7 13. Bf4 Nd7 14. Nf3 Qd8 15. Rc1 Rc8 16. b4 Re8 17. Qa4 a6 18. Qc2 c5 19. bxc5 bxc5 20. Qb3 Ba8 21. d5 Nb6 22. dxe6 Rxe6 23. Ng5 Rf6 24. e5 c4 25. Qc2 Rfc6 26. Bh3 h6 27. Nxf7 Kxf7 28. e6+ Kg8 29. e7 Qe8 30. Rcd1 g5 31. Be3 Bf6 32. Bxb6 Bxe7 33. Qe2 Rxb6 34. Bxc8 Qc6 35. Be6+ Kf8 36. Bd5 1-0

[Event "HUN-chT2 Barcza 0405"]
[Site "Hungary"]
[Date "2005.02.06"]
[Round "7"]
[White "Puha, Peter"]
[Black "Kubinka, Andras"]
[Result "0-1"]
[WhiteElo "1827"]
[BlackElo "2007"]
[PlyCount "66"]
[EventDate "2004.09.26"]
[EventType "team-tourn"]
[EventRounds "11"]
[EventCountry "HUN"]
[SourceTitle "EXT 2009"]
[Source "ChessBase"]
[SourceDate "2008.11.26"]
[SourceVersion "1"]
[SourceVersionDate "2008.11.26"]
[SourceQuality "1"]
[WhiteTeam "Karcag"]
[BlackTeam "Kazincbarcika"]
[WhiteTeamCountry "HUN"]
[BlackTeamCountry "HUN"]

1. e4 e5 2. Nf3 Nc6 3. Bc4 d6 4. c3 Be7 5. Qb3 Nh6 6. d4 Na5 7. Qa4+ c6 8. Be2 b5 9. Qc2 Qc7 10. Bxh6 gxh6 11. Qd2 Be6 12. d5 Bd7 13. Na3 a6 14. b4 Nb7 15. c4 Rg8 16. Qxh6 Rxg2 17. Rc1 Qb6 18. c5 dxc5 19. Nxe5 c4 20. Qf4 Bxb4+ 21. Kf1 Rxf2+ 22. Qxf2 Bh3+ 23. Qg2 Bxg2+ 24. Kxg2 cxd5 25. Naxc4 dxc4 26. Rhf1 Qe6 27. Nxf7 Qxf7 28. Rxf7 Kxf7 29. Rd1 Rd8 30. Rf1+ Ke6 31. Bg4+ Ke5 32. Rf7 Rg8 33. Kh3 Nc5 0-1

[Event "HUN-chT5"]
[Site "Hungary"]
[Date "1996.??.??"]
[Round "?"]
[White "Kubinka, Andras"]
[Black "Lengyel, Gabor"]
[Result "0-1"]
[WhiteElo "2015"]
[BlackElo "1960"]
[PlyCount "70"]
[EventDate "1996.??.??"]
[EventType "team-tourn"]
[EventRounds "9"]
[EventCountry "HUN"]
[SourceTitle "EXT 2006"]
[Source "ChessBase"]
[SourceDate "2005.11.24"]
[SourceVersion "1"]
[SourceVersionDate "2005.11.24"]
[SourceQuality "1"]

1. Nf3 Nf6 2. g3 g6 3. Bg2 Bg7 4. c4 0-0 5. Nc3 d5 6. cxd5 Nxd5 7. Qb3 Nxc3 8. bxc3 Nd7 9. Ba3 Nb6 10. Rd1 Be6 11. Qc2 Nc4 12. Bc5 Bd5 13. e4 Bc6 14. 0-0 Nb6 15. Rb1 Ba4 16. Qb2 Bc6 17. Rfe1 Na4 18. Qb4 Nxc5 19. Qxc5 Qd6 20. Qe3 Rfd8 21. d4 b6 22. Red1 Bb7 23. c4 Rac8 24. c5 Qd7 25. d5 c6 26. cxb6 cxd5 27. exd5 axb6 28. Qxb6 Bxd5 29. Ng5 e6 30. Rb3 Qe7 31. Bxd5 Qxg5 32. Bf3 Rxd1+ 33. Bxd1 Qd2 34. Rb1 Bd4 35. Qb7 Qxf2+ 0-1